Loading...

Employment exchange /

Bibliografiske detaljer
Hovedforfatter: Gangadharan Pilla, Muthukulam
Format: Printed Book
Sprog:Malayalam
Udgivet: National Book Stall , 1971.
Fag:
LEADER 00530nam a2200157Ia 4500
008 150624b xxu||||| |||| 00| p mal d
082 |a 851.85G5 
100 |a Gangadharan Pilla, Muthukulam 
245 |c Muthukulam Gangadharan Pilla  |a Employment exchange / 
260 |b National Book Stall ,  |c 1971. 
300 |a 77 p. 
546 |a In Malayalam. 
650 |v Poetry 
942 |c BK 
999 |c 71997  |d 71997 
952 |0 1  |1 0  |4 0  |6 851_000000000000000_85G5_EMP_M  |7 0  |9 71951  |a UL  |b UL  |c ST1  |d 1998-09-15  |l 0  |o 851.85G5 EMP M  |p 6125  |r 2012-10-27  |w 2012-10-27  |y BK